000 00943nam a22002657a 4500
999 _c65777
_d65777
005 20240530110842.0
008 200912s2019 ua a f b 000 0dara d
017 _a2019/10161
_bمصر. دار الكتب
020 _a9789779123592
040 _aEG-CaGPL
_cEG-CaGPL
082 0 4 _221
_a303.64
_bق/خ ر
100 0 _aخالد ابوبكر
245 1 0 _aرمضان والثورة فى مصر /
_cخالد ابوبكر
250 _aط.1
260 _aالقاهرة :
_bالهيئة المصرية العامة للكتاب،
_c2019
300 _a426 ص. ؛
_c24 سم.
490 0 _aتاريخ المصريين ؛
_v330
650 0 7 _2qrmak
_aالمجتمع المصرى
650 0 7 _aثورة 23 يوليو 1952
_2qrmak
650 0 7 _aثورة 1919
_2qrmak
651 0 7 _2qrmak
_aمصر
_xتاريخ
_xالثورات
653 _aالثورات فى رمضان
942 _2ddc
_cBK